000 00300nam a22001337a 4500
008 170602b xxu||||| |||| 00| 0 eng d
020 _a9780791415245
041 _aeng
080 _a93
100 _a17
101 _aSHH
245 _aURBAN UNREST IN THE MIDDLE EAST
_cDENOEUX, G
942 _2udc
_cBK
999 _c15757
_d15757